000
00294nam a2200133Ia 4500
100
_a
Zeyher/L.R
942
_c
BK
654
_a
Manager
245
_a
Production Managers Desk Book
260
_b
Prentice Hall of India
_a
NewJersey
_c
1971
082
_a
658.5
300
_a
238
546
_a
ENGLISH
999
_c
30238
_d
30238